Nicknames for musical artists - Statistics

General Stats
  • This quiz has been taken 18 times
  • The average score is 20 of 52
Answer Stats
Nickname Artist % Correct
King of Pop Michael Jackson
100%
Queen of Pop Madonna
94%
Queen Bey Beyoncé
88%
King of Reggae Bob Marley
88%
The Fab Four The Beatles
88%
Queen of Soul Aretha Franklin
81%
Songbird Supreme Mariah Carey
81%
Queen of Christmas Mariah Carey
81%
The Artist Prince
81%
The Purple One Prince
81%
His Royal Badness Prince
81%
King of Rock and Roll Elvis Presley
75%
Queen of Disco Gloria Gaynor / Donna Summer
63%
Godfather of Heavy Meta Ozzy Osbourne
63%
Prince of Darkness Ozzy Osbourne
63%
America's Sweetheart Taylor Swift
56%
Crown Prince of Folk Bob Dylan
50%
King of Folk Bob Dylan
50%
Queen of Power Ballads Céline Dion
50%
Queen of Adult Contemporary Céline Dion
50%
King of Hip-Hop Eminem
50%
King of Rap Eminem
50%
Godfather of Soul James Brown
50%
Queen of Jazz Ella Fitzgerald
44%
First Lady of Song Ella Fitzgerald
44%
King of Latin Pop Enrique Iglesias
31%
Queen of Rap Nicki Minaj
31%
Forces' Sweetheart Vera Lynn
25%
The Voice Whitney Houston
25%
Princess of R&B Aaliyah
19%
Princess of Pop Britney Spears
19%
Goddess of Pop Cher
19%
Queen of Hip Hop Lauryn Hill
19%
Voice of a Generation Christina Aguilera
13%
King of Reggaeton Don Omar / Daddy Yankee
13%
King of K-pop G-Dragon
13%
Godfather of Grunge Neil Young
13%
Reigning Queen of Rock and Roll Stevie Nicks
13%
Queen of Salsa Celia Cruz
6%
Empress of J-pop Ayumi Hamasaki
0%
Queen of J-pop Ayumi Hamasaki
0%
Queen of K-pop BoA
0%
King of Mandopop Jay Chou
0%
Queen of Country Music Kitty Wells
0%
Queen of Melody Lata Mangeshkar
0%
Queen of Merengue Milly Quezada
0%
Asia's Queen of Songs Pilita Corrales
0%
Cantopop queen Sammi Cheng
0%
Karaoke Queen Sammi Cheng
0%
King of Motown Smokey Robinson
0%
Queen of Latin Pop Thalía
0%
Voice of Egypt Umm Kulthum
0%
No matching quizzes found
Score Distribution
Percent of People with Each Score
Percentile by Number Answered
Your Score History
You have not taken this quiz